| 000 | 01284cam a22003851 4500 | ||
|---|---|---|---|
| 001 | 6545614 | ||
| 003 | OSt | ||
| 005 | 20260415103118.0 | ||
| 008 | 730625s1959 pau 000 0 eng | ||
| 010 | _a 59010145 | ||
| 035 | _a6545614 | ||
| 035 | _a(OCoLC)646099 | ||
| 040 |
_aDLC _cONcM _dOCoLC _dDLC |
||
| 041 | 1 |
_aeng _aund |
|
| 050 | 0 | 0 |
_aBS2683 _b.B3 1958 |
| 082 | _a227.407 | ||
| 130 | 0 |
_aBible. _pGalatians. _lEnglish. _sBarclay. _f1959. |
|
| 245 | 1 | 4 |
_aThe letters to the Galatians and Ephesians. _cTranslated with introductions and interpretations by William Barclay. |
| 260 |
_aPhiladelphia, _bWestminster Press _c[1958] |
||
| 300 |
_axviii, 219 p. _c18 cm. |
||
| 336 |
_atext _btxt _2rdacontent |
||
| 337 |
_aunmediated _bn _2rdamedia |
||
| 338 |
_avolume _bnc _2rdacarrier |
||
| 490 | 1 | _aThe Daily study Bible | |
| 630 | 0 | 0 |
_aBible. _pGalatians _xCommentaries. |
| 630 | 0 | 0 |
_aBible. _pEphesians _xCommentaries. |
| 700 | 1 |
_aBarclay, William, _d1907-1978, _eeditor, _etranslator. |
|
| 730 | 0 |
_aBible. _pEphesians. _lEnglish. _sBarclay. _f1959. |
|
| 830 | 0 | _aDaily study Bible series | |
| 906 |
_a7 _bcbc _coclcrpl _du _encip _f19 _gy-gencatlg |
||
| 942 |
_2lcc _cBK |
||
| 999 |
_c21614 _d21613 |
||